000 00847nam a2200241 a 4500
001 000025628
005 20200930023928.0
008 110218s1987 sp r 000 0 spa d
020 _a8424912349
040 _aDO-SdBNP
_bspa
_cBNPHU
082 _ann*
_bnn*
100 1 _aProfirio.
_952330
245 1 0 _aVida de pitágoras ; Argonáuticas órficas ; Himnos órficos /
_cProfirio ; introducción, traducción y notas de Miguel Periago Lorente.
260 _aMadrid :
_bGredos,
_c1987.
300 _a247 p. ;
_c20 cm.
490 1 _aBiblioteca Clásica Gredos.
_v104
500 _aIncluye referencias bibliográficas y notas al pie de las páginas.
740 1 _aArgonáuticas órficas.
740 1 _aHimnos órficos.
700 1 _aPeriogo Lorente, Miguel,
_eintrod.
_952331
830 0 _aBiblioteca Clásica Gredos
_v104
_98642
049 _aBNGR
999 _c25120
_d25120